000 00472nmm a2200157Ia 4500
008 251105s9999||||xx |||||||||||||||||und||
020 _a9789580611639
041 _aspa
100 _aManrique Focaccio, Ramón
245 0 _aLa mesa redonda de los soñadores despiertos
264 _a[Bogotá, Colombia] :
_bOveja Negra,
_c2011
300 _a211 páginas
650 _aLatin American narrative
856 _uhttps://public.digitaliapublishing.com/a/19875
942 _cCF
999 _c94842
_d94842